00618nam a2200181Ia 4500952012900000999001700129003000400146005001700150008004100167040000900208082002200217100003500239245004300274260003700317300000900354650002300363942005000386 00102ddc40708HISTORYaMESbMEScMGCd2019-02-20l0o954.035092 GAN/Mp16413r2019-02-20 00:00:00w2019-02-20yBKzGR11R4 c13389d13389OSt20201231105624.0190216s9999||||xx |||||||||||||| ||und|| coclc a954.035092bGAN/M1 aGandhi, Mahatmad1869-1948922 0aMy Experiment With Truth /cM K Gandhi bNavajivan Publishing Housec1978 a404p aEnglish Literature cBK2ddch954.035092iGAN/Mk954.035092mGAN/M